000 00975nam a22002537a 4500
005 20100802141536.0
010 _aENG-97809
020 _a9788190849951
_c725.00
035 _aEN-81342
037 _bDBAD/PUB
082 _a338.88
100 _aSherwani,N U K
_94225
245 _aGlobal business environment /
_cby N U K Sherwani [and] Mohd altaf
260 _aNew Delhi
_bEnkay Publishing House
_c2011
270 _a209,Hari Sadan 20, Ansari Road Darya Ganj
_bNew Delhi
_e100002
300 _aviii,280p
_c21cm (Hb)
500 _aincludes bibliographical references and index
650 _aGlobalization economic aspets
_94226
650 _ainternational economic integration
_94227
650 _ainternational business enterprises
_94228
700 _aMohd Altaf
_94229
942 _2ddc
_cEN
_h338.88
_mSHE
999 _c38665
_d38665